Najmniejsze polskie miasta na każdą literę - Statystyki

Ogólne statystyki
  • Ten quiz został rozwiązany 101 razy
  • Średni wynik to 13 z 25
Statystyki odpowiedzi
Litera Województwo Powiat Liczba ludności Miasto % Poprawnych
E warmińsko-mazurskie ełcki 61 523 Ełk
88%
H pomorskie pucki 3373 Hel
72%
Ć świętokrzyskie ostrowiecki 3014 Ćmielów
71%
A lubelskie kraśnicki 2488 Annopol
70%
O świętokrzyskie kazimierski 329 Opatowiec
67%
F lubelskie biłgorajski 1440 Frampol
66%
W mazowieckie białobrzeski 886 Wyśmierzyce
55%
R podlaskie grajewski 1571 Rajgród
52%
U podkarpackie niżański 1422 Ulanów
52%
I podkarpackie krośnieński 1800 Iwonicz-Zdrój
51%
B podkarpackie tarnobrzeski 1489 Baranów Sandomierski
49%
G lubelskie biłgorajski 968 Goraj
49%
K małopolskie proszowicki 778 Koszyce
46%
S podlaskie białostocki 988 Suraż
46%
L kujawsko-pomorskie włocławski 1394 Lubień Kujawski
44%
Ż wielkopolskie jarociński 3 683 Żerków
44%
Ł świętokrzyskie kielecki 1650 Łagów
41%
D podkarpackie przemyski 871 Dubiecko
40%
C mazowieckie płoński 1089 Czerwińsk nad Wisłą
39%
N świętokrzyskie buski 955 Nowy Korczyn
38%
Z małopolskie tarnowski 1 556 Zakliczyn
38%
M lubelskie janowski 1459 Modliborzyce
37%
P świętokrzyskie kielecki 1152 Pierzchnica
35%
J lubelskie opolski 920 Józefów nad Wisłą
34%
T zachodniopomorskie wałecki 1938 Tuczno
32%
Nie znaleziono quizów pasujących do podanych kryteriów
Rozkład punktacji
Procent ludzi z każdym wynikiem
Percentyl według liczby udzielonych odpowiedzi
Twoja historia wyników
Nie rozwiązałeś tego quizu